| 000 | 00780cam a22002533a 4500 | ||
|---|---|---|---|
| 001 | 21136 | ||
| 003 | PGUSA | ||
| 005 | 20140828083441.0 | ||
| 008 | 070418s2007||||xxu|||||s|||||000 1 eng d | ||
| 040 |
_aPGUSA _beng |
||
| 042 | _adc | ||
| 050 | 4 | _aPZ | |
| 100 | 1 | _aHough, Lewis | |
| 245 | 1 | 0 |
_aFor Fortune and Glory : _bA Story of the Soudan War _h[electronic resource] / _cLewis Hough |
| 260 |
_bProject Gutenberg, _c2007 |
||
| 506 | _aPublic domain in the USA. | ||
| 516 | _aElectronic text | ||
| 653 | _aSudan -- History -- 1881-1899 -- Fiction | ||
| 653 | _aGreat Britain -- History, Military -- 19th century -- Fiction | ||
| 700 | 1 |
_aPaget, Walter, _d1863-1935 |
|
| 830 | 0 |
_aProject Gutenberg _v21136 |
|
| 856 | 4 | 0 | _uhttp://www.gutenberg.org/ebooks/21136 |
| 942 | _cEB | ||
| 999 |
_c250391 _d250391 |
||